Co to za gad? #1 - Statystyki

Ogólne statystyki
  • Ten quiz został rozwiązany 28 razy
  • Średni wynik to 13 z 24
Statystyki odpowiedzi
Obrazkowy Hint Odpowiedź % Poprawnych
x egipski Biczogon
100%
x meksykańska Heloderma
100%
Jajożer
100%
x plamisty, lub Gniewosz / Miedzianka
75%
x niema Groźnica
75%
Hatteria / Tuatara / Łupkoząb
75%
Karetta
75%
x zwyczajna Mulga
75%
x pustynny Tajpan / Taipan
75%
x leśny Żabuti
75%
x drapieżny Żółwiak
75%
x malowany Żółwik
75%
x pospolity Niemrawiec
50%
x dwubarwny Pęz
50%
x argentyński Teju
50%
Dysfolid
25%
Habu
25%
x europejski Obrączkowiec / Amfisbena
25%
inaczej Malajski żółw olbrzymi Orlicja
25%
x aptekarska Śliga / Scynk
25%
Toke
25%
x bałkański Żółtopuzik
25%
x brunatny Mangrowiec
0%
x nakrapiana Ostajnica
0%
Nie znaleziono quizów pasujących do podanych kryteriów
Rozkład punktacji
Procent ludzi z każdym wynikiem
Percentyl według liczby udzielonych odpowiedzi
Twoja historia wyników
Nie rozwiązałeś tego quizu